00321nam a2200133Ia 4500008004100000020001800041082001700059100001800076245003800094250000800132260002300140300000800163650001600171191201s2005 xx 000 0 und d a9789332542525 a621.395bMOD aMORRISMANO, M 0aDigital Logic and Computer Design a3rd aN.DelhibPHIc2005 a516 aB.Tech(CSE)